000 01037nam a2200253 a 4500
001 BRCA_684
005 20190320203115.0
008 980211s1997 mx-a---##b---#000-0#spa-#
020 _a9687009551
040 _aDLC
_cDLC
_dDLC
050 4 _aND259.V5
_b.C75 1997
245 1 0 _aCristóbal de Villalpando
_bca. 1649-1714 : catálogo razonado
_cJuana Gutiérrez Haces ... [et al.].
260 _aMéxico
_bUNAM, Instituto de Investigaciones Estéticas : Fomento Cultural BANAMEX : CONACULTA
_c1997
300 _a444 p.
_bil. (algunas a color)
_c32 cm.
500 _aCatálogo de la exposición realizada en el Palacio de Iturbide (Ciudad de México), 1997
500 _aIncluye catálogo razonado
504 _aBibliografía: p. 431-438
600 1 4 _aVillalpando, Cristóbal de
_dca. 1649-1714
_vCatálogos
_92252
600 1 4 _aJesucristo
_xArte
_92253
600 1 4 _aVirgen María en el arte
_vCatálogos
_xArte
_92254
700 1 _aVillalpando, Cristóbal de
_dca. 1649-1714
_92255
700 1 _aGutiérrez Haces, Juana
_92256
942 _2lcc
_cB
999 _c590
_d590